00646nam a2200181Ia 4500003000900000008004100009020001800050040001600068080003100084110003400115245012000149260005000269300001500319650002700334650002900361650003500390650003900425IN-BaIIA211028s9999 xx 000 0 eng d a0-7354-0335-X cIIA Library a(058):061:53+52+550.3bDIR aAmerican Institute of Physics 0aDirectory of physics, astronomy, and geophysics staffcAmerican Institute of Physics  aMarylandbAmerican Institute of Physicsc2006 avii, 646p. aAstronomers -Directory aGeophysicist - Directory aReaserch institutes- Directory aUniversity and Colleges- Directory